I mignotti : vite vendute e storie vissute di prostituti, gigolò e travestiti /

I tiakina i:
Ngā taipitopito rārangi puna kōrero
Ngā kaituhi matua: Veneziani, Antonio, (1949- ) (Author), Reim, Riccardo (Author)
Hōputu: Pukapuka
Reo:Itāriana
I whakaputaina: Roma : Castelvecchi, 1997
Rangatū:Contatti ; 99
Ngā marau:
Ngā Tūtohu: Tāpirihia he Tūtohu
Kāore He Tūtohu, Me noho koe te mea tuatahi ki te tūtohu i tēnei pūkete!

MARC

LEADER 00000nam a2200000 i 4500
001 IT\ICCU\REA\0039629
003 ItRI
005 20260406204700.0
008 970908s1997 it |||||| ||||| |||||c
015 |2 IT  |a 97-10057 
020 |a 8882100170 
040 |b ita  |c arcigay brescia 
041 7 |a ita  |2 ISO-639-2 
082 |a 306.743  |2 20 
100 1 |a Veneziani, Antonio,  |d  (1949- )  |0 IT\ICCU\CFIV\115603  |4 aut 
245 1 2 |a I mignotti :  |b vite vendute e storie vissute di prostituti, gigolò e travestiti /  |c Antonio Veneziani, Riccardo Reim. 
260 |a Roma :  |b Castelvecchi,  |c 1997 
300 |a 222 p. ;  |c 19 cm. 
650 7 |a Prostituzione maschile  |2 scbi 
700 1 |a Reim, Riccardo  |0 IT\ICCU\CFIV\012470  |4 aut 
830 0 |a Contatti ;  |v 99  |0 IT\ICCU\LO1\0306192 
942 |2 ddc  |c BK 
952 |0 0  |1 0  |2 ddc  |4 0  |6 14  |7 0  |9 28335  |a BS  |b BS  |d 2026-02-06  |i 144  |l 0  |o 1-4-*  |r 2026-02-06 22:40:32  |w 2026-02-06  |x [REVISIONARE]  |y BK 
999 |c 28937  |d 28937